Central Library OPAC University of Rajshahi

Issues in the sociology of criminal justice / (Record no. 49784)

MARC details
000 -LEADER
fixed length control field 00834nam a2200277 a 4500
001 - CONTROL NUMBER
control field 49784
003 - CONTROL NUMBER IDENTIFIER
rucl marc code BD-RjUL
005 - DATE AND TIME OF LATEST TRANSACTION
control field 20211209054729.0
008 - FIXED-LENGTH DATA ELEMENTS--GENERAL INFORMATION
fixed length control field 160822s1975 inu b 000 0 eng
020 ## - INTERNATIONAL STANDARD BOOK NUMBER
International Standard Book Number 0672613484 :
Terms of availability $1.95
035 ## - SYSTEM CONTROL NUMBER
System control number (BD-RjUL)
040 ## - CATALOGING SOURCE
Original cataloging agency DLC
Transcribing agency DLC
Modifying agency DLC
-- BD-RjUL
Language of cataloging eng
041 ## - LANGUAGE CODE
Language code of text/sound track or separate title eng
082 00 - DEWEY DECIMAL CLASSIFICATION NUMBER
Classification number 364.973
Author mark and year OLI 1995
100 2# - MAIN ENTRY--PERSONAL NAME
Personal name Olson, Sheldo R.
Dates associated with a name 1944-
9 (RLIN) 149233
245 10 - TITLE STATEMENT
Title Issues in the sociology of criminal justice /
Statement of responsibility, etc. Sheldon R. Olson.
250 ## - EDITION STATEMENT
Edition statement 1st ed.
260 ## - PUBLICATION, DISTRIBUTION, ETC. (IMPRINT)
Place of publication, distribution, etc. Indianapolis :
Name of publisher, distributor, etc. Bobbs-Merrill,
Date of publication, distribution, etc. 1975.
300 ## - PHYSICAL DESCRIPTION
Pagination 56 p. ;
Size 23 cm.
490 0# - SERIES STATEMENT
Series statement The Bobbs-Merrill studies in sociology
504 ## - BIBLIOGRAPHY, ETC. NOTE
Bibliography, etc Includes Bibliography: p. 53-56.
650 #0 - SUBJECT ADDED ENTRY--TOPICAL TERM
Topical term or geographic name as entry element Criminology.
9 (RLIN) 149234
Topical term or geographic name as entry element Criminal justice, Administration of.
9 (RLIN) 149235
942 ## - ADDED ENTRY ELEMENTS (KOHA)
Source of classification or shelving scheme Dewey Decimal Classification
Koha item type Books
Holdings
Lost status Source of classification or shelving scheme Damaged status Not for loan Collection code Permanent Location Current Location Shelving location Date acquired Source of acquisition Total Checkouts Full call number Date last seen Copy number Koha item type
  Dewey Decimal Classification   Not For Loan Non-fiction Central Library, University of Rajshahi Central Library, University of Rajshahi Reading Room 31/10/1992 Asia Foundation   364.973 OLI 1995 22/08/2016 C-1 Books